Discrete Lyapunov functional for cyclic systems of differential equations with time-variable or state-dependent delay

Elmentve itt :
Bibliográfiai részletek
Szerzők: Balázs István
Garab Ábel
Dokumentumtípus: Cikk
Megjelent: 2026
Sorozat:JOURNAL OF DIFFERENTIAL EQUATIONS 452
Tárgyszavak:
doi:10.1016/j.jde.2025.113768

mtmt:36344314
Online Access:http://publicatio.bibl.u-szeged.hu/37748
LEADER 00788nab a2200217 i 4500
001 publ37748
005 20250929105408.0
008 250929s2026 hu o 000 eng d
022 |a 0022-0396 
024 7 |a 10.1016/j.jde.2025.113768  |2 doi 
024 7 |a 36344314  |2 mtmt 
040 |a SZTE Publicatio Repozitórium  |b hun 
041 |a eng 
100 1 |a Balázs István 
245 1 0 |a Discrete Lyapunov functional for cyclic systems of differential equations with time-variable or state-dependent delay  |h [elektronikus dokumentum] /  |c  Balázs István 
260 |c 2026 
300 |a 26 
490 0 |a JOURNAL OF DIFFERENTIAL EQUATIONS  |v 452 
650 4 |a Matematika 
700 0 1 |a Garab Ábel  |e aut 
856 4 0 |u http://publicatio.bibl.u-szeged.hu/37748/1/1-s2.0-S0022039625007958-main.pdf  |z Dokumentum-elérés